• 首页
  • 本馆介绍
  • 公告通知
  • 最新文献
  • 馆藏检索
  • 电子资源
  • 读者导购
  • 参考咨询
  • 我的图书馆
  • 登录
  • 详细信息显示
  • 放入我的书架
  • 预约/预借图书
  • 作者相关作品
  • 分类相关作品
  • 丛书相关作品
  • 出版社相关作品

书目信息

  • 表格格式
  • 工作单格式
  • 卡片格式
题名:
梦中的橄榄树
    
 
作者: 李清秋 著
分册:  
出版信息: 北京   现代出版社  2018
页数: 200页
开本: 21cm
丛书名:
单 册:
中图分类: K825.6=75
科图分类:
主题词:
电子资源:
ISBN: 978-7-5143-6562-7
000 00891nam0 2200253 45
001 012001003046
005 20140926114739.0
010    @a978-7-5143-6562-7@dCNY32.80
100    @a20180412d2018 em y0chiy50 ea
101 0  @achi
102    @aCN@b110000
105    @ay z 000yb
106    @ar
200 1  @a梦中的橄榄树@9meng zhong de gan lan shu@e三毛传@f李清秋著
210    @a北京@c现代出版社@d2018
215    @a200页@d21cm
300    @a其他题名:三毛传
330    @a本书详尽地讲述了三毛的人生历程,对这个卓尔不群女子的灵魂进行了深度地剖析。携领世人进入到这个奇女子的内心深处,以己心置她心,更为深切地感受其柔弱的内心及坚毅的性情。内容包括:天堂之鸟、多情雨季、恋爱季节等。
517 1  @a三毛传@9san mao zhuan
600  0 @a三毛@f1943-1991@x传记
690    @aK825.6=75@v5
701  0 @a李清秋@9li qing qiu@4著
801  0 @aCN@b上海新华@c20180901
905    @b1153903-7@dK825.6@e1167@f5
    
    梦中的橄榄树:三毛传/李清秋著.-北京:现代出版社,2018
    200页;21cm
    其他题名:三毛传
    
    ISBN 978-7-5143-6562-7:CNY32.80
    本书详尽地讲述了三毛的人生历程,对这个卓尔不群女子的灵魂进行了深度地剖析。携领世人进入到这个奇女子的内心深处,以己心置她心,更为深切地感受其柔弱的内心及坚毅的性情。内容包括:天堂之鸟、多情雨季、恋爱季节等。
●
相关链接 在E读中查询图书 在五车中查询图书 在当当中查询图书 在豆瓣中查询图书


正题名:梦中的橄榄树     索取号:K825.6/1167         预约/预借

序号 登录号 条形码 馆藏地/架位号 状态 备注
1 1153903   211539030   第二样本阅览室/ [索取号:K825.6/1167] 在馆    
2 1153904   211539049   第二借阅区/ [索取号:K825.6/1167] 在馆    
3 1153905   211539058   第二借阅区/ [索取号:K825.6/1167] 在馆    
4 1153906   211539067   第二借阅区/ [索取号:K825.6/1167] 在馆    
5 1153907   211539076   密集书库-资源管理系/ [索取号:K825.6/1167] 在馆    
唐山师范学院图书馆 欢迎您!
大连网信软件有限公司© 版权所有